[Event "GRE-chT 50th"]
[Site "Nikaia"]
[Date "2023.08.30"]
[Round "7.5"]
[White "Kondou, Eva"]
[Black "Makri, Olympia"]
[Result "1-0"]
[WhiteElo "2029"]
[BlackElo "1510"]
[PlyCount "77"]
[EventDate "2023.08.25"]
[EventType "team"]
[EventRounds "9"]
[EventCountry "GRE"]
[SourceTitle "CBM 216 Extra"]
[Source "ChessBase"]
[SourceDate "2023.11.30"]
[SourceVersion "1"]
[SourceVersionDate "2023.11.30"]
[SourceQuality "1"]
[WhiteTeam "Ippotis Rodi"]
[BlackTeam "Khalandrii"]
[WhiteTeamCountry "GRE"]
[BlackTeamCountry "GRE"]

1. e4 c5 2. Nf3 e6 3. b3 Nc6 4. Bb5 Nge7 5. Bb2 a6 6. Bxc6 Nxc6 7. 0-0 d6 8. d3 e5 9. Nfd2 Be7 10. Nc4 b5 11. Ne3 0-0 12. Nc3 Bg5 13. Ncd5 Ne7 14. Qe1 Nxd5 15. Nxd5 Be6 16. c4 f5 17. f4 Bxd5 18. fxg5 Be6 19. exf5 Bxf5 20. Qe3 b4 21. h3 Qd7 22. Rf2 Bg6 23. Raf1 Rxf2 24. Rxf2 Rf8 25. Rxf8+ Kxf8 26. g4 Qb7 27. h4 Qd7 28. Qg3 Bf7 29. Qf3 Ke7 30. h5 Be6 31. Qe4 Bxg4 32. Qxh7 Kf8 33. Qh8+ Kf7 34. Bc1 Bh3 35. g6+ Ke6 36. Qg8+ Kf6 37. Qf8+ Ke6 38. h6 gxh6 39. g7 1-0